000 00722nam a2200253Ia 4500
003 OSt
005 20220925205007.0
006 a|||||r|||| 00| 0
007 ta
008 220923b |||||||| |||| 00| 0 eng d
020 _a1855219158
037 _cGeneral Book
040 _aRTL
_cRTL
_beng
041 _2eng
_aeng
082 _aY12:6.58.N9, P3
100 _aWilliams Christopher and others
_9269405
245 0 _aYouth, risk and Russian modernity
260 _aHampshire
_bAshgate
_c2003
300 _axvi, 232p
_ccm.
500 _aBibliography P 207-223
650 _aSociology
942 _hY12:6.58.N9, P3
_cGB
_2CC
999 _c550934
_d550934